| 000 | 00381nam a2200133Ia 4500 | ||
|---|---|---|---|
| 008 | 210430s9999 xx 000 0 und d | ||
| 020 | _a0-12-008526-7 | ||
| 082 | _a660 A 2442 A | ||
| 100 |
_aKenneth B. Bischoff _952790 |
||
| 245 |
_aAdvances in Chemical Engineering V-26 / _cKenneth B. Bischoff |
||
| 260 |
_aNew york _bAcademic Press _c2001 |
||
| 300 | _a216p | ||
| 942 |
_cBK _2ddc |
||
| 999 |
_c562247 _d562247 |
||